Exploring character design

Bibliographic Details
Main Author: Hedgpeth, Kevin
Other Authors: Missal, Stephen
Format: Book
Language:English
Published: Australia : Thomson , 2006
Series:Design exploring series
Subjects:

MARC

LEADER 00000cam a2200000 7i4500
001 0000021032
005 20090107.0
008 081201s at a i eng
020 |a 1401862969 
040 |a INS 
090 0 0 |a NC825.C43   |b H43 2005 
100 1 |a Hedgpeth, Kevin 
245 1 0 |a Exploring character design   |c Kevin Hedgpeth and Stephen Missal 
260 |a Australia :   |b Thomson ,   |c 2006 
300 |a xviii, 377p. :   |b ill.col. ;   |c 25cm. 
440 0 |a Design exploring series 
500 |a Includes index 
650 0 0 |a Characters and characteristics in art 
650 0 0 |a Graphic arts   |x Technique 
700 1 |a Missal, Stephen 
999 |a 0000020326   |b BOOK   |c Open Shelf   |e Default branch